Metal Band Names By Synonym - Statistics

General Stats
  • This quiz has been taken 882 times
  • The average score is 7 of 22
Answer Stats
Hint Answer % Correct
Human-eating Cadaver Cannibal Corpse
70%
Traitorous Vicar Judas Priest
59%
Metal Girl Iron Maiden
58%
Deity's Sheep Lamb of God
53%
Mechanism Face Machine Head
53%
Nocturnal Desire Nightwish
43%
Jewel Face Diamond Head
41%
Sightless Protector Blind Guardian
40%
Mallet Drop Hammerfall
39%
Ambition Cinema Dream Theater
32%
Worry Industry Fear Factory
32%
Beer Tempest Alestorm
31%
Finnish Lake Youth Children of Bodom
31%
Chilly Planet Iced Earth
28%
Chaos Mayhem
28%
Cherub Wiccan Angel Witch
22%
Dirty Bed Cradle of Filth
16%
Tealight Weight Candlemass
14%
Everlasting Immortal
14%
Local Rubbish Municipal Waste
14%
Jellyfish Manowar
13%
Buzzard Breeze Hawkwind
10%
No matching quizzes found
Score Distribution
Percent of People with Each Score
Percentile by Number Answered
Your Score History
You have not taken this quiz